| Поле | Инд. | ПП | Название | Значение |
|---|---|---|---|---|
| Тип записи | a | |||
| Библиографический уровень | m | |||
| 001 | Контрольный номер | RU/MAI/LIB/405774511 | ||
| 005 | Дата корректировки | 20250909160525.4 | ||
| 020 | a | ISBN | 978-5-94275-595-9(Т.2) | |
| 040 | b | Код языка каталог. | rus | |
| e | Правила каталог. | PSBO | ||
| a | Служба первич. каталог. | 10013504 | ||
| 041 | 0_ | a | Код языка текста | rus |
| 080 | a | Индекс УДК | 621.9.06(075.8) | |
| 090 | a | Полочн. индекс | 621.91(075) | |
| x | Авторский знак | М 54 | ||
| 245 | 10 | a | Заглавие | Металлорежущие станки |
| b | Продолж. заглавия | в 2-х т. : учебник для вузов по спец. Технология машиностроения, Металлообрабатывающие станки и комплексы; направл. Конструкторско-технологич. обеспечение машиностроит. производств | ||
| c | Ответственность | под ред. В.В.Бушуева | ||
| n | Номер части/ раздела | Т.2. | ||
| 260 | a | Место издания | Москва | |
| b | Издательство | Машиностроение | ||
| c | Дата издания | 2012 | ||
| 300 | a | Объем | 583 с. | |
| b | Иллюстрации/ тип воспроизводства | ил. | ||
| 500 | a | Примечание | Авт. указаны на обороте тит.л. | |
| 504 | a | Библиография | Библиогр.: с.577-579 (76 назв.) | |
| 520 | 0_ | a | Аннотация | Металлорежущие станки. Учебник. В 2 томах. Том 2. Описаны станки основных групп (токарные, фрезерные, расточные, сверлильные, шлифовальные, зубообрабатывающие и др.), а также автоматические линии и ГПС. Рассмотрены станки для сверхточной, сверхскоростной обработки и станки с параллельной кинематикой. Приведены основные сведения об испытаниях, эксплуатации, модернизации и ремонте оборудования. Учебник предназначен главным образом для студентов конструкторских и технологических специальностей и может быть использован инженерно-техническими работниками машиностроительных предприятий. |
| 653 | 0_ | a | Ключевые слова | МЕТАЛЛОРЕЖУЩИЕ СТАНКИ; МЕТАЛЛООБРАБОТКА |
| 700 | 12 | a | Другие авторы | Бушуев В.В. |
| 700 | 1_ | a | Другие авторы | Еремин А.В. |
| 700 | 1_ | a | Другие авторы | Какойло А.А. |
| 700 | 1_ | a | Другие авторы | Макаров В.М. |
| 901 | t | Тип документа | m | |
| 952 | a | Тип литературы для КСУ ВШ | КУчР | |
| b | Гриф литературы для ВШ | Доп.Минвузом | ||
| d | Специальность | Технология машиностроения, металлообрабатывающие станки и комплексы | ||
| h | Направление | Конструкторско-технологическое обеспечение машиностроительных производств | ||
| c | Вид литературы | учебник |